Técnica de la escritura y expresión correcta: ortografía, redacción, vocabulario y cultura idiomática

Gespeichert in:
Bibliographische Detailangaben
1. Verfasser: Doezis, Michel (VerfasserIn)
Format: Buch
Sprache:Spanisch
Veröffentlicht: Santiago Antártica 1900
Ausgabe:3a. ed
Schriftenreihe:Textos Básicos de Secretariado
Schlagworte:
Tags: Tag hinzufügen
Keine Tags, Fügen Sie den ersten Tag hinzu!

MARC

LEADER 00000nam a2200000 a 4500
001 UCZ0037
003 CL-VaPUC
008 950724e19000000CL |||||||||||||||||spa|d
082 0 4 |a 465  |b DOE  |2 21 
100 0 |a Doezis, Michel  |e author  |9 342615 
245 1 0 |a Técnica de la escritura y expresión correcta: ortografía, redacción, vocabulario y cultura idiomática 
250 |a 3a. ed 
300 |a 225 p 
942 |c BK 
945 |d 19950724 00:00:00  |a cmena 
260 |a Santiago  |b Antártica  |c 1900 
500 |a Texto declarado material didáctico complementario y/o de consulta de la educación chilena 
650 0 |a Lingüística  |9 265068 
650 0 |a Gramática  |9 270497 
650 0 |a Ortografía  |9 309144 
650 7 |a REDACCION DE INFORMES  |2 CL-VaPUC  |9 342616 
650 0 |a Educación lingüística  |9 306506 
583 |a last modification  |c 20120903 10:07:04  |k Rodrigo Vera 
490 0 |a Textos Básicos de Secretariado 
999 |c 237014  |d 237012 
952 |0 0  |1 0  |4 0  |6 465_000000000000000_DOE_1900  |7 0  |8 A  |9 245664  |a BIBEDU  |b BIBEDU  |d 2019-11-18  |i 1540939  |o 465 DOE 1900  |p 1540939  |r 2019-11-18  |w 2019-11-18  |y BK  |k EDU